LEADER 01003nam--2200361---450- 001 990001689120203316 005 20050915121041.0 035 $a000168912 035 $aUSA01000168912 035 $a(ALEPH)000168912USA01 035 $a000168912 100 $a20040521d1953----km-y0itay0103----ba 101 $afre 102 $aFR 105 $a||||||||001yy 200 1 $aJocelyn$fAlphonse de Lamartine$gnotes par Claude Jorry 210 $aParis$cLarousse$d1953 215 $a84 p.$d17 cm 410 0$12001 454 1$12001 461 1$1001-------$12001 700 1$aLAMARTINE,$bAlphonse : de$0176062 702 1$aJORRY,$bClaude 801 0$aIT$bsalbc$gISBD 912 $a990001689120203316 951 $aVI.4. Coll.18/ 75/1(II F DI 324/163 I)$b1437 L.M.$cII F 959 $aBK 969 $aUMA 979 $aSIAV2$b10$c20040521$lUSA01$h1621 979 $aSIAV2$b10$c20040521$lUSA01$h1622 979 $aCOPAT5$b90$c20050915$lUSA01$h1210 996 $aJocelyn$9290181 997 $aUNISA LEADER 01471nam--2200433---450- 001 990000552200203316 005 20090429135302.0 010 $a88-324-3334-6 035 $a0055220 035 $aUSA010055220 035 $a(ALEPH)000055220USA01 035 $a0055220 100 $a20010709d1998----km-y0itay0103----ba 101 $aita 102 $aIT 105 $a||||||||001yy 200 1 $aContabilità e bilanci delle cooperative$easpetti civilistici contabili e fiscali$ele cooperative e lavoro, di garanzia fidi$fFranco Colombo$gprefazione di Primo Ceppellini 210 $aMilano$cIl Sole 24 ore norme, trfibuti$d1998 215 $aXVI, 364 p.$d24 cm 225 2 $aContabilità e bilancio 300 $aSegue: Appendice civilistica, appendice fiscale 410 $12001$aContabilità e bilancio 461 1$1001-------$12001 606 0 $aCoooperative$xBilancio$xLegislazione 676 $a346.4506648 700 1$aCOLOMBO,$bFranco$0279291 702 1$aCEPPELLINI,$bPrimo 801 0$aIT$bsalbc$gISBD 912 $a990000552200203316 951 $aXXV.3.E 35 (IRA 25 350)$b6481 EC$cIRA$d00205475 959 $aBK 969 $aGIU 979 $aPATTY$b90$c20010709$lUSA01$h1228 979 $c20020403$lUSA01$h1704 979 $aPATRY$b90$c20040406$lUSA01$h1638 979 $aRSIAV2$b90$c20090410$lUSA01$h1155 979 $aRSIAV4$b90$c20090429$lUSA01$h1353 996 $aContabilità e bilanci delle cooperative$9885304 997 $aUNISA